000 01177nam a22003017a 4500
001 T0000027
003 KOHA_MİRAKIL
005 20260207004504.0
007 ta
008 190403b2012 xx |||grm|||#0|||0|tur |
040 _aTR-BiSEU
_btur
_cTR-BiSEU
_erda
041 0 _atur
050 0 0 _aTez
_b27
100 1 _aÇakır, Zeynep.
245 1 _aTürkiye'de kredi kanalıyla parasal aktarım mekanizmasının işleyişi/
_cZeynep Çakır ; Zeynep Çakır; danışman Aykut Ekici.
264 1 _aBilecik :
_bBilecik Üniversitesi
_c2012
300 _aX, 136 sayfa; 30 cm.+ 1 CD-ROM
336 _ametin
_btxt
_2rdacontent
337 _aaracısız
_bn
_2rdamedia
338 _acilt
_bnc
_2rdacarrier
500 _aKaynakça var.
500 _aİngilizce Eser Adı: The functioning of the monetary transmission mechanism via credit channel: the Turkish model
502 _aTez (Yüksek Lisans) -- Bilecik Üniversitesi Sosyal Bilimler Enstitüsü İktisat Anabilim Dalı, Bilecik, .
650 0 _aParasal aktarım mekanizması--Türkiye
_9118867
650 0 _aBanka kredi kanalı--Bilanço kanalı--Türkiye.
_9118868
856 4 0 _uhttp://acikkaynak.bilecik.edu.tr/xmlui/handle/11552/102
907 _aYüksek Lisans
942 _2lcc
_cTS
999 _c64578
_d64578